La légende d'Ulenspiegel et de Lamme Goedzak / (Record no. 49612)
[ view plain ]
| 000 -LEADER | |
|---|---|
| campo de control de longitud fija | 00544nam a2200169 i 4500 |
| 001 - NÚMERO DE CONTROL | |
| campo de control | 49612 |
| 003 - IDENTIFICADOR DE NÚMERO DE CONTROL | |
| campo de control | ES-MaACL |
| 005 - FECHA Y HORA DE LA ÚLTIMA TRANSACCIÓN | |
| campo de control | 20230906162028.0 |
| 007 - CAMPO FIJO DE DESCRIPCIÓN FÍSICA--INFORMACIÓN GENERAL | |
| campo de control de longitud fija | t| |
| 008 - DATOS DE LONGITUD FIJA--INFORMACIÓN GENERAL | |
| campo de control de longitud fija | 030718s1928 be ||||1| fre d |
| 100 1# - ENTRADA PRINCIPAL--NOMBRE DE PERSONA | |
| Nombre de persona | Coster, Charles de. |
| 9 (RLIN) | 41145 |
| 245 13 - MENCIÓN DEL TÍTULO | |
| Título | La légende d'Ulenspiegel et de Lamme Goedzak / |
| Mención de responsabilidad, etc. | Charles de Coster ; avant-propos de Paul Lacomblez. |
| 260 ## - PUBLICACIÓN, DISTRIBUCIÓN, ETC. | |
| Lugar de publicación, distribución, etc. | Bruxelles : |
| Nombre del editor, distribuidor, etc. | [s.n.], |
| Fecha de publicación, distribución, etc. | 1928 ( |
| Fabricante | Office de Publicité) |
| 300 ## - DESCRIPCIÓN FÍSICA | |
| Extensión | VII, 208 p., 12 lám. ; |
| Dimensiones | 25 cm. |
| 700 1# - ENTRADA AGREGADA--NOMBRE PERSONAL | |
| Nombre de persona | Lacomblez, Paul. |
| 9 (RLIN) | 69386 |
| 852 ## - LOCALIZACIÓN | |
| Ubicación | ES-MaACL |
| Número de control de estantería | A-2054 |
| Estatus retirado | Estado de pérdida | Estado de daño | No para préstamo | Biblioteca de origen | Biblioteca actual | Ubicación en estantería | Fecha de adquisición | Fuente de adquisición | Total de préstamos | Signatura topográfica completa | Código de barras | Visto por última vez | Precio de reemplazo | Tipo de ítem Koha |
|---|---|---|---|---|---|---|---|---|---|---|---|---|---|---|
| Biblioteca del Ateneo de Madrid | Biblioteca del Ateneo de Madrid | Sala Pecera Planta 1 | 17/01/2008 | A-2054 | 1052203 | 23/02/2023 | 23/02/2023 | Libro impreso |
